000 00413pab a2200157 454500
008 180718b1998 xxu||||| |||| 00| 0 eng d
100 _aKhan, Nafees A.
245 _aAgricultural marketing: present position and future strategy
260 _c1998
300 _ap.11-13
362 _aDec
650 _aAgricultural markets - India
650 _aAgricultural markets
773 _aKurukshetra
909 _a39540
999 _c39540
_d39540